Morfológia hospodárskych zvierat

Bibliographic Details
Main Authors: Kresan, Ján (Author), Čollák, Dionýz, 1926-2004 (Author), Hampl, Arnošt (Author), Marvan, František (Author), Vernerová, Eva (Author)
Format: Book
Language:Slovak
Published: Bratislava Príroda 1979
Edition:1. vyd.
Series:Veda na pomoc poľnohospodárskej veľkovýrobe

MARC

LEADER 00000nam a2200000 a 4500
001 vtls001114687
003 SK-MaSNL
005 20260302064306.0
008 250414s1979 xo 0 slo
015 |a SNBA1979 
035 |a SNK000057530 
040 |a SNK  |b slo  |c SNK  |e AACR2 
041 0 |a slo 
044 |a xo  |c SK 
080 |a 591.1+591.4:636  |2 1981 
080 |a 591.4  |2 1981 
080 |a 636  |2 1981 
080 |a 591.1  |2 1981 
100 1 |a Kresan, Ján  |4 aut  |9 280153 
245 1 0 |a Morfológia hospodárskych zvierat  |c Ján Kresan ; Dionýz Čollák, Arnošt Hampl, František Marvan, Eva Vernerová, Magda Brázdiliková 
250 |a 1. vyd. 
260 |a Bratislava  |b Príroda  |c 1979  |e Banská Bystrica  |f Tlačiarne SNP 
300 |a 647 s., 54,80 AH  |b Tb. Sch.  |c 25 cm 
366 |e 4000 výtl. 
490 0 |a Veda na pomoc poľnohospodárskej veľkovýrobe 
500 |a Lit. 128. Čl. aj čes. Čes.-slov. a slov.-čes. slovníček. Reg. Spoluvyd. SZN, Praha. Schválilo MŠ SSR ako vysokošk. učebnicu pre VŠP v ČSSR. 128 zázn. lit. o knihách a čas. v jaz. slov., čes., rus., nem., angl., maď. a poľ. 
700 1 |a Čollák, Dionýz,  |d 1926-2004  |4 aut  |9 39198 
700 1 |a Hampl, Arnošt  |4 aut  |9 684954 
700 1 |a Marvan, František  |4 aut  |9 5074 
700 1 |a Vernerová, Eva  |4 aut  |9 426570 
700 1 |a Brázdiliková, Magda  |4 bkd  |9 361873 
852 |a Slovenská národná knižnica 
958 |a OND 
958 |a TL 
958 |a NB 
958 |a UV 
999 |c 1136853  |d 1138783 
952 |t P60, <04>, [BOOK], {604}  |a SNK  |b SNK  |y VYP  |7 0  |p 17A0317464  |o snkSC 46898 D1  |i snkKSP 5016/79  |0 0  |1 0  |4 0  |d 2001-10-05  |l 0  |r 2004-12-31 00:00:00  |w 2026-02-24 
952 |a SNK  |b SNK  |y PREZ  |7 0  |p 17A0790030  |o snkSC 46898  |0 0  |1 0  |4 0  |d 2012-07-31  |l 0  |r 2025-10-28 00:00:00  |w 2026-02-24